01349cam a22003134a 450000100090000000300040000900500170001300800410003001000170007102000220008802000260011004000180013604200080015405000190016208200180018110000280019924500890022726000470031630000350036350400660039850502610046465000160072565000250074185600780076690600450084494200120088999900140090195201200091513695220OSt20210414113931.0040823s2005 vau b 001 0 eng  a 2004019976 a1844071383 (pbk.) a1844071375 (hardback) aDLCcDLCdDLC apcc00aG156.5.E26B85 00a338.4/7912221 aBulbeck, Chilla,d1951-10aFacing the wild :ecotourism, conservation, and animal encounters. /cChilla Bulbeck. aLondon :aSterling Va :bEarthscan,c2005. axxiii, 312 p. :bill. ;c24cm. aIncludes bibliographical references (p. [268]-307) and index. aContents: Back to nature tourism: Zoos and circuses -- Animals as ambassadors for conservation -- So long and thanks for all the fish -- The Nature of modern society: Recapturing lost meanings -- Loving knowing -- Respectful stewardship of a hybrid nature. 0aEcotourism. 0aNature conservation.413Table of contentsuhttp://www.loc.gov/catdir/toc/ecip0422/2004019976.html a7bcbccorignewd1eecipf20gy-gencatlg 2lcccBK c785d8285 00102lcc4070aWIUC-1bWIUC-1cREFd2012-04-27l0oG156.5.E26B85p1937/12r2012-04-27 00:00:00t1w2012-04-27yBK